¿Quién lo hizo? - Música - Estadísticas

Estadísticas generales
  • Esta prueba ha sido intentada 1.044 veces
  • La puntuación promedio es 8 de 15
Estadísticas de respuestas
Canción Se lanzó Artista % Correcto
«Waka Waka (Esto es África)» 2010 Shakira
98%
«Thriller» 1984 Michael Jackson
91%
«Despechá» 2022 Rosalía
91%
«Someone Like You» 2011 Adele
82%
«Todo de ti» 2021 Rauw Alejandro
76%
«Monaco» 2023 Bad Bunny
70%
«Macarena» 1993 Los del Río
68%
«Provenza» 2022 Karol G
59%
«Here Comes the Sun» 1969 Beatles
56%
«Only Girl (In the World)» 2010 Rihanna
53%
«Me olvidé de vivir» 1978 Julio Iglesias
38%
«Hung Up» 2005 Madonna
32%
«Good Vibrations» 1966 The Beach Boys
15%
«Santa Lucia» 1980 Miguel Ríos (Roque Narvaja)
12%
«Cien años» 1953 Pedro Infante
7%
No se encontraron pruebas coincidentes
Distribución de puntuación
Porcentaje de gente con cada puntuación
Porcentaje por número respondido
Historial de tus puntuaciones
No has intentado esta prueba.